Statistics for 2022-23 NCAA College Basketball Team Nicknames

Click here to take the quiz!

General Stats

  • This quiz has been taken 472 times
    (210 since last reset)
  • The average score is 196 of 362

Answer Stats

#Team% Correct
1Tigers
96%
1Blue Devils
95%
1Cardinals
93%
1Eagles
92%
1Hurricanes
92%
1Seminoles
92%
1Fighting Irish
91%
1Tar Heels
90%
1Wolfpack
90%
1Orange
89%
1Yellow Jackets
88%
1Demon Deacons
87%
1Cavaliers
86%
1Hokies
86%
1Buckeyes
85%
1Panthers
85%
1Bears
83%
1Hoosiers
83%
1Jayhawks
83%
1Sooners
83%
1Spartans
83%
1Wolverines
83%
1Badgers
82%
1Cornhuskers
82%
1Hawkeyes
82%
1Huskies
82%
1Longhorns
82%
1Nittany Lions
82%
1Red Raiders
82%
1Terrapins
82%
1Boilermakers
81%
1Bearcats
80%
1Cyclones
80%
1Horned Frogs
80%
1Bluejays
79%
1Bulldogs
79%
1Mountaineers
79%
1Wildcats
79%
1Wildcats
79%
1Cowboys
78%
1Crimson Tide
78%
1Fighting Illini
78%
1Gators
78%
1Mustangs
78%
1Bulldogs
77%
1Golden Gophers
77%
1Razorbacks
77%
1Tigers
77%
1Tigers
77%
1Wildcats
77%
1Wildcats
77%
1Green Wave
76%
1Hoyas
76%
1Owls
76%
1Owls
76%
1Scarlet Knights
76%
1Tigers
76%
1Tigers
76%
1Bulls
75%
1Cougars
75%
1Ducks
75%
1Pirates
75%
1Volunteers
75%
1Beavers
74%
1Cougars
74%
1Friars
74%
1Shockers
74%
1Sun Devils
74%
1Trojans
74%
1Wildcats
74%
1Aggies
73%
1Bruins
73%
1Flyers
73%
1Gamecocks
73%
1Owls
73%
1Pirates
73%
1Spiders
73%
1Buffaloes
72%
1Golden Eagles
72%
1Huskies
72%
1Knights
72%
149ers
71%
1Rainbow
Warriors
71%
1Tigers
71%
1Utes
71%
1Bulldogs
70%
1Cardinal
70%
1Golden Bears
70%
1Minutemen
70%
1Roadrunners
70%
1Blazers
69%
1Bulldogs
69%
1Rebels
69%
1Broncos
68%
1Commodores
68%
1Wildcats
68%
1Aztecs
67%
1Bonnies
67%
1Musketeers
67%
1Rams
67%
1Vandals
67%
1Cougars
66%
1Cowboys
66%
1Golden
Hurricane
66%
1Mean Green
66%
1Rams
66%
1Billikens
65%
1Flames
65%
1Rams
65%
1Zips
65%
1Blue Demons
64%
1Bulldogs
64%
1Crimson
64%
1Black Bears
63%
1Black Knights
63%
1Bulldogs
63%
1Catamounts
63%
1Grizzlies
63%
1Lobos
63%
1Miners
63%
1Red Storm
63%
1Big Red
62%
1Bobcats
62%
1Bulls
62%
1Dragons
62%
1Eagles
62%
1Great Danes
62%
1Hilltoppers
62%
1Midshipmen
62%
1Quakers
62%
1Wolf Pack
62%
1Bulldogs
61%
1Chippewas
61%
1Dukes
61%
1Golden Flashes
61%
1Ramblers
61%
1Rebels
61%
1Rockets
61%
1Aggies
60%
1Bears
60%
1Broncos
60%
1Cardinals
60%
1Huskies
60%
1Penguins
60%
1Rams
60%
1Retrievers
60%
1Spartans
60%
1Vikings
59%
1Aggies
58%
1Anteaters
58%
1Falcons
58%
1Fighting Camels
58%
1Peacocks
58%
1Hatters
57%
1Hawks
57%
1Lions
57%
1Big Green
56%
1Bison
56%
1Patriots
56%
1Redhawks
56%
1Thundering
Herd
56%
1Bulldogs
55%
1Gauchos
55%
1Jackrabbits
55%
1Racers
55%
1Terriers
55%
1Eagles
54%
1Gaels
54%
1Tribe
54%
1Blue Raiders
53%
1Chanticleers
53%
1Sycamores
53%
1Explorers
52%
1Salukis
52%
1Trojans
52%
1Bison
51%
1Crusaders
51%
1Dolphins
51%
1Dons
51%
1Eagles
51%
1Falcons
51%
1Panthers
51%
1Eagles
50%
1Mountaineers
50%
1Norse
50%
1River Hawks
50%
1Tigers
50%
1Wildcats
50%
1Bobcats
49%
1Gaels
49%
1Golden Eagles
49%
1Governors
49%
1Monarchs
49%
1Mustangs
49%
1Paladins
49%
1Rattlers
49%
1Red Wolves
49%
1Bison
48%
1Blue Hose
48%
1Dukes
48%
1Mocs
48%
1Ospreys
48%
1Pride
48%
1Ragin' Cajuns
48%
1Seawolves
48%
1Wildcats
48%
1Braves
47%
1Bulldogs
47%
1Jaspers
47%
1Lumberjacks
47%
1Titans
47%
1Bruins
46%
1Stags
46%
1Waves
46%
1Bears
45%
1Bears
45%
1Bengals
45%
1Gamecocks
45%
1Golden Grizzlies
45%
1Hawks
45%
1Huskies
45%
1Jaguars
45%
1Keydets
45%
1Lancers
45%
1Mastodons
45%
1Pilots
45%
1Red Foxes
45%
1Terriers
45%
1Bearcats
44%
1Bulldogs
44%
1Fightin'
Blue Hens
44%
1Panthers
44%
1Pioneers
44%
1Pirates
44%
1Redbirds
44%
1Highlanders
43%
1Leopards
43%
1Lumberjacks
43%
1Mountain Hawks
43%
1Owls
43%
1Phoenix
43%
1Phoenix
43%
1Purple Aces
43%
1Bearkats
42%
1Delta Devils
42%
1Hornets
42%
1Raiders
42%
1Saints
42%
1Sharks
42%
1Aggies
41%
1Antelopes
41%
1Bobcats
41%
1Knights
41%
1Seahawks
41%
1Spartans
41%
1Bears
40%
1Bears
40%
1Golden Eagles
40%
1Knights
40%
1Leathernecks
40%
1Tigers
40%
1Titans
40%
1Warhawks
40%
1Colonials
39%
1Cowboys
39%
1Jaguars
39%
1Panthers
39%
1Roadrunners
39%
1Runnin' Bulldogs
39%
1Tigers
39%
1Toreros
39%
1Tritons
39%
1Vikings
39%
1Blue Devils
38%
1Bobcats
38%
1Broncos
38%
1Broncs
38%
1Cardinals
38%
1Colonels
38%
1Cougars
38%
1Eagles
38%
1Eagles
38%
1Golden Griffins
38%
1Greyhounds
38%
1Hornets
38%
1Islanders
38%
1Matadors
38%
1Panthers
38%
1Privateers
38%
1Seahawks
38%
1Tigers
38%
1Tommies
38%
1Wildcats
38%
1Coyotes
37%
1Eagles
37%
1Flames
37%
1Purple Eagles
37%
1Raiders
37%
1Roos
37%
1Trojans
37%
1Beach
36%
1Bears
36%
1Cardinals
36%
1Mountaineers
36%
1Tigers
36%
1Buccaneers
35%
1Bulldogs
35%
1Bulldogs
35%
1Highlanders
35%
1Hornets
35%
1Royals
35%
1Cougars
34%
1Demons
34%
1Eagles
34%
1Fighting Hawks
34%
1Skyhawks
34%
1Tigers
34%
1Aggies
33%
1Bisons
33%
1Catamounts
33%
1Golden Lions
33%
1Huskies
33%
1Jaguars
33%
1Lions
33%
1Vaqueros
33%
1Buccaneers
32%
1Hawks
32%
1Lions
32%
1Lions
32%
1Panthers
32%
1Panthers
32%
1Spartans
32%
1Beacons
31%
1Bulldogs
31%
1Mavericks
31%
1Pioneers
31%
1Revolutionaries
31%
1Thunderbirds
31%
1Eagles
30%
1Colonels
29%
1Lions
29%
1Red Flash
29%
1Warriors
29%
1Highlanders
28%
1Lions
28%
1Mavericks
28%
1Redhawks
28%
1Spartans
28%
1Dolphins
27%
1Panthers
27%
1Texans
27%
1Bulldogs
26%
1Braves
25%
1Cougars
25%
1Screaming Eagles
25%
1Wolverines
25%
1Redhawks
23%
1Wildcats
23%
1Skyhawks
22%
1Golden Eagles
21%
1Lancers
20%
1Trailblazers
18%

Score Distribution

Percentile by Number Answered

Percent of People with Each Score

Your Score History

You have not taken this quiz since the last reset